00657nam a2200181 a 45000010008000000080041000080100013000490200015000620500022000771000021000992450102001202600039002223000023002614900029002845000091003136500056004047100015004601155012150907s1995 ||||||||||||||||| || u a95201315 a0821333348 aIBRD(06)AS/1995/1 aPreston, Lewis T14aThe momentum for change : Lewis T. Preston at the World Bank, 1991-95 : addresses and statements. aWashington, D.C.bWorld Bankc1995 ax, 105 p. ; 23 cm. aAddresses and statements aPublished to honor the former president of the World Bank after his death in May 1995. aWORLD BANK--PRESIDENTS--ADDRESSES, ESSAYS, LECTURES aWorld Bank